[Event "IND-chT (Women)"]
[Site "Pollachi"]
[Date "2023.02.16"]
[Round "7.1"]
[White "Bhuvana, Koppineni"]
[Black "Isha, Sharma"]
[Result "0-1"]
[WhiteElo "1170"]
[BlackElo "2213"]
[PlyCount "116"]
[EventDate "2023.02.10"]
[EventType "team-swiss"]
[EventRounds "7"]
[EventCountry "IND"]
[SourceTitle "CBM 212 Extra"]
[Source "ChessBase"]
[SourceDate "2023.03.31"]
[SourceVersion "1"]
[SourceVersionDate "2023.03.31"]
[SourceQuality "1"]
[WhiteTeam "Andhra Pradesh (W)"]
[BlackTeam "PSPB (W)"]
[WhiteTeamCountry "IND"]
[BlackTeamCountry "IND"]

1. e4 c5 2. Nf3 d6 3. d4 cxd4 4. Nxd4 Nf6 5. Nc3 a6 6. f3 e5 7. Nb3 Be6 8. Nd5 Bxd5 9. exd5 Nbd7 10. Bg5 Be7 11. Bxf6 Bxf6 12. Be2 Qb6 13. Qd3 Bg5 14. g3 g6 15. Kf1 0-0 16. Kg2 f5 17. Rhf1 Rfe8 18. Rab1 Qc7 19. c3 b5 20. Qd1 Nb6 21. f4 Bf6 22. Qd2 Qf7 23. Rbd1 exf4 24. gxf4 Nxd5 25. Qxd5 Rxe2+ 26. Rf2 Qxd5+ 27. Rxd5 Rxf2+ 28. Kxf2 Rd8 29. Na5 Kf7 30. Nb7 Rb8 31. Na5 Ke6 32. Rd2 Kd7 33. Nb3 Rc8 34. Kf3 Bd8 35. Rg2 Bb6 36. Nd2 Re8 37. Re2 Re6 38. h3 d5 39. Rxe6 Kxe6 40. Nb3 h6 41. Nd4+ Bxd4 42. cxd4 g5 43. h4 Kf6 44. h5 a5 45. b3 b4 46. Kg3 Ke6 47. Kf2 gxf4 48. Kf3 Kf7 49. Kxf4 Kf6 50. Kf3 Kg5 51. Kg3 f4+ 52. Kf3 Kf5 53. Ke2 Ke4 54. Kf2 f3 55. Kg3 Ke3 56. Kg4 f2 57. Kf5 f1Q+ 58. Kg6 Qf4 0-1